000 02733nam a2200325 a 4500
003 OSt
005 20240817002658.0
007 cr ||||||a|c|a
008 240805s2023 mx a|||fom||| 001 0 spa d
040 _erda
100 1 _aLópez Rodríguez, Yarami Guadalupe
_9189345
245 1 0 _aIdentificación de nematodos en café (Coffea arábica L.) Santo Domingo Chiapas, México /
_cpor Yarami Guadalupe López Rodríguez; director de tesis Calixto Leopoldo Carrillo Fonseca; secretario Moises Camacho Tapia; vocal Luis Othón Espinosa Carrillo; suplente José Alfredo Domínguez Valenzuela; suplente Santos Gerardo Leyva Mir.
264 1 _aChapingo, México :
_bEl autor,
_c2023.
300 _a1 recurso en línea (64 páginas):
_bcuadros, figuras.
336 _2rdacontent
_atexto
_btxt
337 _2rdamedia
_acomputadora
_bc
338 _2rdacarrier
_arecurso en línea
_bcr
502 _bIAEPA
_cParasitología
_d2023.
_gLIC
504 _aIncluye referencias bibliográficas: páginas 40-44.
520 _aEl objetivo general fue identificar los principales géneros y especies de nematodos asociados al cultivo de café (Coffea arábica L.) en la región de Santo Domingo Chiapas, México. Las muestras colectadas fueron almacenadas por 6 años aproximadamente, para poder ser procesadas fueron elegidas las técnicas que se adecuaron más durante el desarrollo de este trabajo. Dichas técnicas serán mencionadas a continuación en orden cronológico: tamizado, extracción, separación de ejemplares filiformes de los no filiformes, corte perineal, montaje de especímenes y conteo de nematodos conformaron la fase de laboratorio. La identificación a nivel de género se llevó a cabo utilizando las siguientes claves: “Clave para la identificación de géneros de nematodos fitoparásitos (hembras vermiformes, hembras no vermiformes) y nematodos fitoparásitos cuyas hembras adultas son abultadas (juveniles móviles)”. Los géneros identificados y asociados al cultivo de café en la zona de Santo Domingo Chiapas son: Meloidogyne sp., Criconemella sp., Rotylenchus sp. y Helicotylenchus sp.
650 4 _aCafé
_xEnfermedades por nemátodos
_917140
650 4 _aNématodos parásitos en plantas
_xIdentificación
_9189346
700 1 _aCarrillo Fonseca, Calixto Leopoldo
_919482
_eDirector de tesis.
700 1 _aCamacho Tapia, Moises
_917710
_eSecretario.
700 1 _aEspinosa Carrillo, Luis Othón
_937903
_eVocal.
700 1 _aDomínguez Valenzuela, José Alfredo
_933907
_eSuplente.
700 1 _aLeyva Mir, Santos Gerardo
_eSuplente.
_966581
856 _uhttp://10.13.5.2/tesis/tl/1010681-8_LOPEZ-RODRIGUEZ_YARAMI_GUADALUPE.pdf
_zDESCARGAR PDF
942 _2Clasificación Universidad Autónoma Chapingo
_cTD
999 _c220055
_d220055